| 000 | 00000nas##2200000za#4500 |
| 001 | 9.503442 |
| 003 | CaOODSP |
| 005 | 20200331213220 |
| 007 | cr ||||||||||| |
| 008 | 150406c2000||||xxc|| p o||||f| |0fre|d |
| 022 | |a1497-0171 |
| 040 | |aCaOODSP|bfre |
| 043 | |an-cn--- |
| 086 | 1 |aF1-42/1F-pdf |
| 110 | 1 |aCanada. |bMinistère des finances. |
| 245 | 10|aÉnoncé économique et mise à jour budgétaire. Aperçu |h[ressource électronique] |
| 260 | |aOttawa - Ontario : |bFinances Canada |c2000. |
| 310 | |aAnnuel |
| 362 | 1 |aLe 18 octobre 2000 |
| 691 | 07|aPrévision économique|2gcpds |
| 775 | 08|tEconomic statement and budget update. Overview |w(CaOODSP)9.507050 |